LEADER 01252nam a2200313 i 4500 001 991004136349707536 005 20020509154549.0 008 950121s|||| fr ||| | fre 035 $ab11270597-39ule_inst 035 $aPARLA196065$9ExL 040 $aDip.to Scienze dell'Antichità$bita 100 1 $aCicero, Marcus Tullius$082411 245 10$aPour Caelius; Sur les provinces consulaires ; Pour Balbus /$cCicéron ; texte établi et traduit par Jean Cousin 260 $a2. tirage revu et corrig : 300 $aParis :$bLes Belles Lettres, 1969 - 282 p. (paginazione varia) ;$c20 cm. 490 0 $aCollection des Universités de France. Série latine 490 0 $aDiscours ;$v15. 500 $a1Testo latino a fronte 500 $a2Tome 15. di: Discours 700 1 $aCousin, Jean 740 0 $aIn Senatu de provinciis consularibus 740 0 $aPro L. Cornelio Balbo 740 0 $aPro M. Caelio 907 $a.b11270597$b23-02-17$c01-07-02 912 $a991004136349707536 945 $aLE007 I Coll. 4 Cicero 24$g1$i2015000115171$lle007$o-$pE0.00$q-$rl$s- $t0$u0$v0$w0$x0$y.i11433917$z01-07-02 996 $aPro Caelio$919703 997 $aUNISALENTO 998 $ale007$b01-01-95$cm$da $e-$ffre$gfr $h0$i1 LEADER 01502nam 2200457 a 450 001 9910795751403321 005 20200520144314.0 010 $a9786613136503 010 $a0-19-991050-2 010 $a1-283-13650-3 010 $a0-19-987523-5 035 $a(CKB)24235102900041 035 $a(MiAaPQ)EBC728737 035 $a(MiAaPQ)EBC7037423 035 $a(Au-PeEL)EBL728737 035 $a(CaPaEBR)ebr10477974 035 $a(CaONFJC)MIL313650 035 $a(OCoLC)731667681 035 $a(EXLCZ)9924235102900041 100 $a20100817d2011 uy 0 101 0 $aeng 135 $aur||||||||||| 200 14$aThe art of digital audio recording$b[electronic resource] $ea practical guide for home and studio /$fSteve Savage ; with photos by Robert Johnson and diagrams by Iain Fergusson 210 $aOxford ;$aNew York $cOxford University Press$d2011 215 $axii, 271 p. $cill 320 $aIncludes bibliographical references and index. 606 $aSound studios 606 $aSound$xRecording and reproducing$xDigital techniques 615 0$aSound studios. 615 0$aSound$xRecording and reproducing$xDigital techniques. 676 $a621.389/3 700 $aSavage$b Steve$01544868 701 $aJohnson$b Robert$0892974 701 $aFergusson$b Iain$01544869 801 0$bMiAaPQ 801 1$bMiAaPQ 801 2$bMiAaPQ 906 $aBOOK 912 $a9910795751403321 996 $aThe art of digital audio recording$93799431 997 $aUNINA LEADER 04233nam 2200469 450 001 9910807933103321 005 20230807215010.0 010 $a2-335-07567-5 035 $a(CKB)3790000000024376 035 $a(EBL)2087650 035 $a(MiAaPQ)EBC2087650 035 $a(Au-PeEL)EBL2087650 035 $a(OCoLC)914148995 035 $a(EXLCZ)993790000000024376 100 $a20200121d2015 uy 0 101 0 $afre 135 $aur|n|---||||| 181 $ctxt$2rdacontent 182 $cc$2rdamedia 183 $acr$2rdacarrier 200 10$aCroyances et legendes du Moyen Age /$fAlfred Maury 210 1$a[Place of publication not identified] :$cLigaran,$d2015. 215 $a1 online resource (295 p.) 300 $aDescription based upon print version of record. 327 $aCouverture; Page de Copyright; Page de titre; Pre?faces; Pre?face; Pre?face du volume intitule? les Fe?es du Moyen A?ge; Pre?face de l'essai sur les Le?gendes Pieuses du Moyen A?ge; Les Fe?es; CHAPITRE I - Les Parques et les De?esses-Me?res; CHAPITRE II - Les Fe?es; CHAPITRE III - Les esprits fantastiques des peuples du nord; Les Le?gendes Pieuses; CHAPITRE I - Transformation du christianisme sous l'influence de la raison; CHAPITRE II - E?le?ments de l'histoire biblique introduits dans les le?gendes, par suite de l'assimilation de la vie du saint a? celle de Je?sus-Christ; 1er - Le type de Je?sus-Christ 327 $a 2 - Types emprunte?s a? l'ancien testament 3 - Types emprunte?s aux actes des apo?tres; 4 - Type de la vierge Marie; CHAPITRE III - Le?gendes ne?es de la confusion du sens litte?ral et mate?riel avec le sens figure? et spirituel; 1er - La force morale et la vie nouvelle apporte?es par Je?sus-Christ sont prises dans le sens de la force physique et d'une gue?rison miraculeuse; 2 - La rapidite? de propagation de la parole de dieu se transformant en multiplication des pains ou de pie?ces d'argent; 3 - Le jugement dernier devient l'espe?rance des a?mes; 4 - Conception mate?rielle du paradis 327 $aCHAPITRE IV - Le?gendes invente?es pour expliquer les symboles figure?s, dont le sens e?tait oublie? 1 - De?sue?tude des symboles usite?s par les premiers chre?tiens; 2 - Repre?sentations de Dieu Le Pe?re; 3 - Repre?sentations du Christ; 4 - Repre?sentations de la Trinite?; 5 - Repre?sentations de l'a?me; 6 - Substitution des images aux symboles et vicissitudes de l'iconoghaphie du XIIe au XVIe sie?cle; 7 - Les animaux symboles des e?tres surnaturels; Le Serpent; Le lion; Le loup, l'ours; Le chien, l'a?ne; Le porc; Le cerf, la licorne; La colombe; Le corbeau; Le poisson 327 $aLes animaux, symboles des quatre e?vangelistes 8 - Autres symboles; CHAPITRE V - Examen rationnel des le?gendes ; Garanties d'authenticite? - Conclusion; 1 - Vrais principes de critique, caracte?res de la certitude; 2 - Application des principes au mode de composition des le?gendes; 3 - Application des principes critiques a? l'e?tat d'esprit des e?crivains de le?gendes; 4 - Maladies nerveuses et mentales, causes de le?gendes; Conclusion 330 $a Extrait : ""Le sentiment religieux s'e?veille, chez tous les hommes, en pre?sence du spectacle imposant de la nature ; mais suivant la physionomie de celle-ci, il prend un caracte?re diffe?rent et s'attache a? des objets divers. Sous le ciel brumeux et triste de la Celtique ou de la Germanie, l'esprit n'est point affecte? des me?mes impressions que sous le soleil bru?lant de l'Afrique, ou sous l'atmosphe?re molle et vaporeuse de la Toscane.""A? PROPOS DES E?DITIONS LIGARANLes e?ditions LIGARAN proposent des versions nume?riques de qualite? de grands livres de la litte?rature classique mais e?galement des liv 606 $aChristian legends$xHistory and criticism 606 $aChristian legends 615 0$aChristian legends$xHistory and criticism. 615 0$aChristian legends. 676 $a204.5 700 $aMaury$b Alfred$05262 801 0$bMiAaPQ 801 1$bMiAaPQ 801 2$bMiAaPQ 906 $aBOOK 912 $a9910807933103321 996 $aCroyances et legendes du Moyen Age$93978392 997 $aUNINA